00481 2200205 4500001002100000008004100021035002000062245004400082100001700126250000600143260003200149300001100181084001400192082000800206650001300214990001200227990001200239990001200251990001200263INLIS000000000000652 ind  a0010-0424000628 aRahasia Dibalik HelikoptercTom Jackson aJackson, Tom a1 aBandung :bPakar Rayac2007 a31 hlm a600 TOM r a600 aNonfiksi a0721662 a0721663 a0721664 a0721665